00560nam a22001692 4500001001100000005001700011008004100028020002700069040001500096245007500111260002900186300001700215650003500232650005900267700003100326700003300357000000860720151217152037.0080505s xx 000 0 eng d a8123915043 :cKES 3300 aKABUcKABU10aHandbook of medicenal plants /cZohara Yaniv, Uriel Bachrach, editors. aNew Delhi :bCBS,c2007. axxi, 500 p. 0aPlants, Medicinal.@0000159254 0aMedicinal plantsxHandbooks, manuals, etc.@00001592551 aYaniv, Zohara.@00001592561 aBachrach, Uriel.@0000159257